=LDR 00000nam 2200000 4500 =001 INLIS000000000047944 =005 20160311142106.0 =006 =007 =008 =020 ##$$a 3-89102-149-6 =035 ##$$0010-031600000000057 =040 ##$$a NBPDMAT =082 ##$$a 759 =090 ##$$a 759$bNor b =100 ##$$a Nording-Schroter, Gerda =245 ##$$a Baumlandschafter : Bilder in mischtechnik von Gerda Nording-Schroter verse von Grete Wassertheurer / Garda Nording-Schroter =260 ##$$a Germany $b Eulen Verlag $c 1992 =300 ##$$a 34 hlm. : ilus. ; 17 cm =650 ##$$a Lukisan - Pemandangan =850 ##$$a NBPDMAT =990 ##$$a 31500755 =990 ##$$a 31500755/BPAP-NTB/2016